000
00244 a2200109 4500
001
63539
082
_a
551.5 MIL
090
_c
37536
_d
37536
100
_a
Miller,A
245
_a
Elements of Meterorology
260
_a
Columbus
_b
Charles E Merrill
942
_a
casnust
_k
551.5 MIL
999
_c
298612
_d
298612